[Event "Uppsala Sportlov"]
[Site "Uppsala"]
[Date "2015.02.21"]
[Round "4"]
[White "Eriksson, Edward"]
[Black "Nilsson, Erik1111"]
[Result "1-0"]
[WhiteElo "1655"]
[BlackElo "1376"]
[PlyCount "61"]
[EventDate "2015.02.19"]
[EventType "tourn"]
[EventRounds "7"]
[EventCountry "SWE"]
[SourceTitle "CBM 164 Extra"]
[Source "ChessBase"]
[SourceDate "2015.03.02"]
[SourceVersion "1"]
[SourceVersionDate "2015.03.02"]
[SourceQuality "1"]

1. d4 d5 2. c4 c6 3. Nc3 Nf6 4. Nf3 Bg4 5. Bf4 e6 6. a3 Nbd7 7. e3 Be7 8. c5 b6 9. b4 bxc5 10. bxc5 0-0 11. Bd3 Qa5 12. Qc2 Bxf3 13. gxf3 h6 14. 0-0 Bd8 15. Kh1 Bc7 16. Ne2 Bxf4 17. Nxf4 e5 18. Ne2 Rfe8 19. Ng3 Rab8 20. Rg1 Rb7 21. Nf5 e4 22. fxe4 dxe4 23. Rxg7+ Kf8 24. Bc4 Nd5 25. Rag1 N7f6 26. Qe2 Reb8 27. Qh5 Qd2 28. Qxh6 Ke8 29. Nd6+ Ke7 30. Rxf7+ Ke6 31. Qxf6# 1-0

[Event "SWE Cup"]
[Site "Linkoping"]
[Date "2014.09.06"]
[Round "5.6"]
[White "Eriksson, Edward"]
[Black "Ingbrandt, Johan"]
[Result "0-1"]
[WhiteElo "1716"]
[BlackElo "2358"]
[PlyCount "68"]
[EventDate "2014.09.05"]
[EventType "team-tourn"]
[EventRounds "7"]
[EventCountry "SWE"]
[SourceTitle "CBM 162 Extra"]
[Source "ChessBase"]
[SourceDate "2014.10.17"]
[SourceVersion "1"]
[SourceVersionDate "2014.10.17"]
[SourceQuality "1"]
[WhiteTeam "Vasteras"]
[BlackTeam "Norrkoping Schack 08"]
[WhiteTeamCountry "SWE"]
[BlackTeamCountry "SWE"]

1. d4 d5 2. Nf3 c6 3. Bf4 Nf6 4. c3 Bg4 5. e3 Nbd7 6. Nbd2 Nh5 7. Bg3 e6 8. Qc2 Nxg3 9. hxg3 h6 10. Bd3 Bxf3 11. Nxf3 Be7 12. e4 dxe4 13. Bxe4 Qc7 14. 0-0 0-0 15. Rfe1 a5 16. Ne5 a4 17. f4 Nf6 18. Bf3 c5 19. dxc5 Bxc5+ 20. Kh1 a3 21. b3 Rad8 22. Qe2 Nd5 23. Bxd5 Rxd5 24. c4 Rd6 25. Rad1 Rfd8 26. Kh2 Bb4 27. Rxd6 Qxd6 28. Rc1 Qd2 29. Rc2 Qxe2 30. Rxe2 Rd1 31. Nf3 Rb1 32. Nd4 Rb2 33. Rc2 Bc5 34. Rxb2 axb2 0-1